| 000 | 00935cam a2200265Ia 4500 | ||
|---|---|---|---|
| 005 | 20180312142003.0 | ||
| 008 | 1404 s1993 ck a gr 000 j spa d | ||
| 020 | _a9580424721 | ||
| 020 | _a9789580424727 | ||
| 040 |
_aCO-BoUCM _bspa _cJose A. Gerena _dDiana Londoño |
||
| 041 | _aspa | ||
| 100 | 1 |
_aRius, María _950300 |
|
| 245 | 1 | 3 |
_aLa vista _cMaría Rius, Josep M. Parramón, J.J. Puig |
| 260 |
_aBogotá (Colombia) _bNorma _c1993 |
||
| 300 |
_a[30] páginas _bilustraciones a color |
||
| 490 | 1 |
_aPrimera biblioteca de los niños _aSerie los cinco sentidos |
|
| 650 | 7 |
_aCuentos ilustrados para niños _937305 |
|
| 650 | 7 |
_aLiteratura infantil española _918684 |
|
| 650 | 7 |
_aLiteratura infantil _918680 |
|
| 690 |
_942863 _aLiteratura europea |
||
| 700 | 1 |
_aParramón, Josep María _959317 |
|
| 700 | 1 |
_aPuig, J. J. _959318 |
|
| 942 |
_a18 _cLIBRO _e1 _mG615v _2DEWEY _h868.64 _n0 |
||
| 999 |
_c240449 _d240449 |
||